[Event "YUG-ch (Women) 54th"]
[Site "Herceg Novi"]
[Date "2001.03.23"]
[Round "1"]
[White "Maksimovic, Suzana"]
[Black "Saric, Natasa"]
[Result "1-0"]
[WhiteElo "2315"]
[BlackElo "2097"]
[PlyCount "71"]
[EventDate "2001.03.23"]
[EventType "tourn"]
[EventRounds "15"]
[EventCountry "YUG"]
[SourceTitle "CBM 081 Extra"]
[Source "ChessBase"]
[SourceDate "2001.05.06"]
[SourceVersion "1"]
[SourceVersionDate "2001.05.06"]
[SourceQuality "1"]

1. d4 d5 2. c4 e6 3. Nf3 Nf6 4. e3 c6 5. Bd3 Nbd7 6. Nbd2 Bd6 7. 0-0 0-0 8. h3 e5 9. cxd5 cxd5 10. dxe5 Nxe5 11. Nxe5 Bxe5 12. Nf3 Bc7 13. b3 Ne4 14. Bb2 Ng5 15. Rc1 Qd6 16. Re1 Nxf3+ 17. Qxf3 Be6 18. Qh5 h6 19. f4 Bd8 20. Be5 Qb6 21. Bd4 Qa5 22. f5 Bd7 23. f6 Bxf6 24. Bxf6 gxf6 25. Qxh6 f5 26. Qg5+ Kh8 27. Rf1 Qb6 28. Rf4 Qxe3+ 29. Kh2 Qe5 30. Re1 Qg7 31. Qh4+ Qh7 32. Bxf5 Bxf5 33. Qf6+ Qg7 34. Qxf5 Qg6 35. Rh4+ Kg7 36. Rg4 1-0

[Event "YUG Cup (Women)"]
[Site "Ulcinj"]
[Date "1998.??.??"]
[Round "7"]
[White "Kalevic, Sanja"]
[Black "Saric, Natasa"]
[Result "1-0"]
[WhiteElo "2310"]
[BlackElo "2130"]
[PlyCount "43"]
[EventDate "1998.??.??"]
[EventType "team"]
[EventRounds "7"]
[EventCountry "YUG"]
[SourceTitle "EXT 1999"]
[Source "ChessBase"]
[SourceDate "1998.11.16"]
[SourceVersion "1"]
[SourceVersionDate "1998.11.16"]
[SourceQuality "1"]

1. e4 e6 2. Qe2 c5 3. g3 Nc6 4. Nf3 d6 5. Bg2 Nf6 6. 0-0 Be7 7. c3 0-0 8. d4 d5 9. e5 Nd7 10. dxc5 Nxc5 11. Re1 Qc7 12. Na3 a6 13. c4 dxc4 14. Nxc4 Rd8 15. Bf4 Nb4 16. Nd6 Nd5 17. Bg5 h6 18. Bxe7 Qxe7 19. Nd4 Nb6 20. Rac1 Ncd7 21. Nxb7 Bxb7 22. Bxb7 1-0

[Event "YUG Cup (Women)"]
[Site "Ulcinj"]
[Date "1997.??.??"]
[Round "?"]
[White "Miloradovic, Jelena"]
[Black "Saric, Natasa"]
[Result "1/2-1/2"]
[WhiteElo "2105"]
[BlackElo "2115"]
[PlyCount "108"]
[EventDate "1997.??.??"]
[EventType "team"]
[EventRounds "7"]
[EventCountry "YUG"]
[SourceTitle "EXT 1999"]
[Source "ChessBase"]
[SourceDate "1998.11.16"]
[SourceVersion "1"]
[SourceVersionDate "1998.11.16"]
[SourceQuality "1"]

1. c4 e5 2. g3 Nc6 3. Bg2 d6 4. Nc3 Be6 5. d3 Qd7 6. e3 g6 7. Rb1 Bg7 8. b4 Nge7 9. Nd5 Nd8 10. Ne2 c6 11. Nxe7 Qxe7 12. b5 0-0 13. 0-0 f5 14. Qa4 Bd7 15. Qb4 Re8 16. a4 Ne6 17. Ba3 Bf8 18. Qc3 Qg7 19. a5 Rac8 20. Qd2 Nc5 21. Nc3 g5 22. d4 Ne6 23. bxc6 bxc6 24. Rb7 Rc7 25. Rfb1 Bc8 26. Rxc7 Qxc7 27. d5 cxd5 28. Qxd5 Ba6 29. Nb5 Qxa5 30. Bxd6 Qa2 31. Rd1 Bxb5 32. cxb5 Qxd5 33. Rxd5 Bxd6 34. Rxd6 Kf8 35. Bd5 Rd8 36. Rxd8+ Nxd8 37. e4 f4 38. Kg2 Ke7 39. h4 h6 40. hxg5 hxg5 41. Kf3 fxg3 42. fxg3 Kf6 43. Ke3 Ke7 44. Kd3 Kd6 45. Kc4 Kd7 46. Kb4 Kd6 47. Ka5 Kc5 48. Ka6 g4 49. Kxa7 Kxb5 50. Kb8 Nc6+ 51. Kc7 Nd4 52. Kd6 Ne2 53. Kxe5 Nxg3 54. Kf4 Nxe4 1/2-1/2

[Event "YUG Cup (Women)"]
[Site "Ulcinj"]
[Date "1997.??.??"]
[Round "?"]
[White "Saric, Natasa"]
[Black "Manakova, Maria"]
[Result "1/2-1/2"]
[WhiteElo "2115"]
[BlackElo "2350"]
[PlyCount "83"]
[EventDate "1997.??.??"]
[EventType "team"]
[EventRounds "7"]
[EventCountry "YUG"]
[SourceTitle "EXT 1999"]
[Source "ChessBase"]
[SourceDate "1998.11.16"]
[SourceVersion "1"]
[SourceVersionDate "1998.11.16"]
[SourceQuality "1"]

1. e4 c5 2. Nf3 Nc6 3. d3 g6 4. g3 Bg7 5. Bg2 d6 6. 0-0 Nf6 7. c3 0-0 8. Nbd2 Bd7 9. h3 b5 10. Re1 Rb8 11. Nf1 b4 12. Qc2 Ne8 13. Bd2 Nc7 14. Ne3 Nb5 15. Nc4 Qc8 16. Kh2 Qa6 17. a4 Nc7 18. Bf1 bxc3 19. bxc3 Na5 20. Nxa5 Qxa5 21. d4 Rb7 22. Reb1 Rfb8 23. Rxb7 Rxb7 24. Ra2 Qb6 25. a5 Qb1 26. Qxb1 Rxb1 27. Bd3 Rb7 28. a6 Rb6 29. Be3 Rb3 30. dxc5 dxc5 31. Ra5 Rxc3 32. Rxc5 Rxc5 33. Bxc5 Bc8 34. Bxa7 Nxa6 35. Nd2 Nb4 36. Bc4 Nc6 37. Bc5 Bd4 38. Bxd4 Nxd4 39. f3 Kg7 40. Kg2 Bd7 41. Nb3 Nc2 42. Be2 1/2-1/2

[Event "YUG-chT (Women)"]
[Site "Novi Sad"]
[Date "1996.??.??"]
[Round "?"]
[White "Saric, Natasa"]
[Black "Gaponenko, Inna"]
[Result "0-1"]
[WhiteElo "2080"]
[BlackElo "2390"]
[PlyCount "86"]
[EventDate "1996.??.??"]
[EventType "team"]
[EventRounds "7"]
[EventCountry "YUG"]
[SourceTitle "EXT 1999"]
[Source "ChessBase"]
[SourceDate "1998.11.16"]
[SourceVersion "1"]
[SourceVersionDate "1998.11.16"]
[SourceQuality "1"]

1. e4 c5 2. Ne2 Nc6 3. Nbc3 Nf6 4. g3 g6 5. Bg2 Bg7 6. 0-0 d6 7. d3 Bd7 8. h3 Qc8 9. Kh2 h5 10. f4 Nd4 11. Nd5 Ng8 12. c3 Nc6 13. Ng1 e6 14. Ne3 Nge7 15. Nf3 f5 16. exf5 gxf5 17. h4 Qc7 18. Ng5 Bf6 19. Bf3 0-0-0 20. Nf7 e5 21. Nc4 Be6 22. Nxh8 Rxh8 23. Na3 Qd8 24. Nc2 Rg8 25. b4 exf4 26. Bxf4 Ng6 27. Bg5 Bxg5 28. hxg5 Qxg5 29. Qc1 f4 30. Rg1 Nh4 31. Ne1 fxg3+ 32. Kh1 Qxc1 33. Rxc1 Nxf3 34. Nxf3 Bd5 35. Kg2 Ne5 36. Rcf1 Nxf3 37. Rxf3 Rf8 38. Rgf1 Rxf3 39. Rxf3 h4 40. b5 Bxf3+ 41. Kxf3 a6 42. a4 axb5 43. axb5 Kd7 0-1

[Event "YUG-chT2"]
[Site "Yugoslavia"]
[Date "1994.??.??"]
[Round "4"]
[White "Laketic, Milica"]
[Black "Saric, Natasa"]
[Result "0-1"]
[WhiteElo "2085"]
[BlackElo "2055"]
[PlyCount "66"]
[EventDate "1994.??.??"]
[EventType "team"]
[EventRounds "11"]
[EventCountry "YUG"]
[SourceTitle "EXT 1997"]
[Source "ChessBase"]
[SourceDate "1996.11.15"]
[SourceVersion "1"]
[SourceVersionDate "1996.11.15"]
[SourceQuality "1"]

1. e4 e6 2. d4 d5 3. Nc3 dxe4 4. Nxe4 Bd7 5. Nf3 Bc6 6. Bd3 Nd7 7. Qe2 Ngf6 8. Neg5 Bxf3 9. Qxf3 c6 10. Bf4 Be7 11. h4 h6 12. Nxe6 fxe6 13. Bg6+ Kf8 14. Qh3 Qa5+ 15. c3 Qd5 16. 0-0-0 Bd6 17. Bxd6+ Qxd6 18. Rhe1 Ke7 19. Kb1 Nf8 20. Bc2 Kd7 21. c4 Kc7 22. Qc3 Rd8 23. f3 Kb8 24. g4 Qg3 25. g5 Nh5 26. Re4 hxg5 27. Rg4 Qh3 28. hxg5 Ng3 29. Qe1 Nf5 30. Bxf5 exf5 31. Qe5+ Ka8 32. Qxf5 Nd7 33. Rgg1 Qxf5+ 0-1

[Event "YUG-chT2"]
[Site "Yugoslavia"]
[Date "1994.??.??"]
[Round "9"]
[White "Saric, Natasa"]
[Black "Alexandria, Nana"]
[Result "1/2-1/2"]
[WhiteElo "2055"]
[BlackElo "2305"]
[PlyCount "139"]
[EventDate "1994.??.??"]
[EventType "team"]
[EventRounds "11"]
[EventCountry "YUG"]
[SourceTitle "EXT 1997"]
[Source "ChessBase"]
[SourceDate "1996.11.15"]
[SourceVersion "1"]
[SourceVersionDate "1996.11.15"]
[SourceQuality "1"]

1. e4 c5 2. Ne2 Nc6 3. Nbc3 e6 4. g3 d5 5. exd5 exd5 6. d4 Bg4 7. Bg2 Nxd4 8. h3 Bf3 9. Kf1 Nxe2 10. Bxf3 Nxc3 11. bxc3 Nf6 12. c4 Be7 13. cxd5 0-0 14. Rb1 Rb8 15. c4 Ne8 16. Kg2 Nd6 17. Bf4 Bg5 18. Bxd6 Qxd6 19. Re1 g6 20. Qc2 a6 21. a4 b6 22. Re2 Kg7 23. Qd3 Bf6 24. Ree1 Rfc8 25. Rb3 h5 26. Qc2 h4 27. Re4 hxg3 28. fxg3 Re8 29. Rbe3 Rxe4 30. Qxe4 b5 31. axb5 axb5 32. cxb5 Rxb5 33. Re2 Qa6 34. Rf2 Qa1 35. Be2 Rb4 36. Qf3 Qe5 37. h4 Re4 38. h5 Re3 39. h6+ Kxh6 40. Qxf6 Qxf6 41. Rxf6 Rxe2+ 42. Kf3 Re5 43. Rxf7 Rxd5 44. Rc7 Kg5 45. Rc6 Rd3+ 46. Kg2 Rc3 47. Kf2 Kf5 48. g4+ Kg5 49. Ke2 Rc4 50. Kf3 Rf4+ 51. Ke3 Rc4 52. Kf3 Rc1 53. Ke3 c4 54. Kd2 Rg1 55. Rxc4 Rxg4 56. Rc5+ Kh4 57. Ke3 Kg3 58. Rc1 g5 59. Rg1+ Kh3 60. Rh1+ Kg2 61. Rh5 Kg3 62. Rh8 Kg2 63. Rh5 Kg1 64. Kf3 Rg2 65. Rh8 g4+ 66. Kf4 g3 67. Ra8 Kh1 68. Kf3 Kh2 69. Rh8+ Kg1 70. Rh3 1/2-1/2

[Event "Aegina op"]
[Site "Aegina"]
[Date "1994.??.??"]
[Round "4"]
[White "Saric, Natasa"]
[Black "Papastavropoulos, Andreas"]
[Result "1-0"]
[WhiteElo "2055"]
[BlackElo "2200"]
[PlyCount "57"]
[EventDate "1994.??.??"]
[EventType "swiss"]
[EventRounds "9"]
[EventCountry "GRE"]
[SourceTitle "TD"]
[Source "ChessBase"]
[SourceDate "1994.03.01"]
[SourceVersion "1"]
[SourceVersionDate "1994.03.01"]
[SourceQuality "1"]

1. e4 c5 2. Ne2 Nc6 3. Nbc3 Nf6 4. d3 d6 5. g3 g6 6. Bg2 Bg7 7. 0-0 h5 8. h3 Bd7 9. f4 Qc8 10. Kh2 h4 11. g4 Nxg4+ 12. hxg4 Bxg4 13. Be3 Nd4 14. Qd2 h3 15. Bh1 e5 16. fxe5 Bxe5+ 17. Bf4 Qe6 18. Nxd4 cxd4 19. Nd5 Rc8 20. c4 g5 21. Bg3 Bxg3+ 22. Kxg3 Qe5+ 23. Kxg4 Rh4+ 24. Kf3 g4+ 25. Ke2 g3 26. Rf5 Qg7 27. Rg5 Qh8 28. Rxg3 Kd7 29. Qg5 1-0

[Event "Barcelona op"]
[Site "Barcelona"]
[Date "1991.??.??"]
[Round "5"]
[White "Alfarone, Giovanni"]
[Black "Saric, Natasa"]
[Result "1/2-1/2"]
[WhiteElo "2280"]
[BlackElo "2075"]
[PlyCount "68"]
[EventDate "1991.??.??"]
[EventType "swiss"]
[EventRounds "9"]
[EventCountry "ESP"]
[SourceTitle "EXT 2002"]
[Source "ChessBase"]
[SourceDate "2001.11.25"]
[SourceVersion "1"]
[SourceVersionDate "2001.11.25"]
[SourceQuality "1"]

1. d4 d5 2. Nf3 Nf6 3. c4 e6 4. Nc3 Be7 5. Bf4 c6 6. e3 Nbd7 7. Bd3 dxc4 8. Bxc4 b5 9. Bd3 Bb7 10. 0-0 0-0 11. Rc1 a6 12. Ne4 Nxe4 13. Bxe4 Qb6 14. Ne5 Nxe5 15. Bxe5 Rac8 16. Qf3 Rfd8 17. Rc2 Bd6 18. Bxd6 Rxd6 19. Qg3 Rd7 20. Rfc1 h6 21. Qe5 Qc7 22. Qxc7 Rdxc7 23. f4 Kf8 24. f5 Ke7 25. fxe6 Kxe6 26. Rf1 Kd6 27. Kf2 Re8 28. Bf3 Bc8 29. Rfc1 Bd7 30. Rc5 Rec8 31. g4 Be6 32. a3 f6 33. h4 g6 34. Kg3 Bd7 1/2-1/2

[Event "Catania op"]
[Site "Catania"]
[Date "1991.??.??"]
[Round "?"]
[White "Saric, Natasa"]
[Black "Fabiano, Giuseppe"]
[Result "1/2-1/2"]
[WhiteElo "2075"]
[BlackElo "2290"]
[PlyCount "114"]
[EventDate "1991.08.04"]
[EventType "swiss"]
[EventRounds "9"]
[EventCountry "ITA"]
[SourceTitle "EXT 2000"]
[Source "ChessBase"]
[SourceDate "1999.11.16"]
[SourceVersion "1"]
[SourceVersionDate "1999.11.16"]
[SourceQuality "1"]

1. e4 c5 2. b3 Nc6 3. Bb2 e5 4. Nf3 d6 5. Bb5 Nge7 6. 0-0 a6 7. Bxc6+ Nxc6 8. h3 g6 9. c3 Bg7 10. Na3 0-0 11. Nc4 f5 12. d3 g5 13. exf5 Bxf5 14. Nh2 Qe8 15. Ne3 Be6 16. Qe2 Qg6 17. Rad1 Rae8 18. f3 b5 19. Nhg4 b4 20. c4 Nd4 21. Qd2 h5 22. Nf2 Bh6 23. Qe1 Bd7 24. Ne4 g4 25. hxg4 Bxe3+ 26. Qxe3 hxg4 27. Bxd4 exd4 28. Qg5 Qxg5 29. Nxg5 gxf3 30. gxf3 Re3 31. Ne4 Rfxf3 32. Rxf3 Rxf3 33. Nxd6 Bc6 34. Rd2 Rf6 35. Nc8 Bb7 36. Ne7+ Kf7 37. Re2 Re6 38. Rxe6 Kxe6 39. Ng6 Kf5 40. Ne7+ Kf6 41. Nd5+ Bxd5 42. cxd5 Ke5 43. Kf2 Kxd5 44. Kf3 Ke5 45. Kg3 a5 46. Kf3 Kf5 47. Kg3 Ke5 48. Kf3 Kd6 49. Ke4 Ke6 50. Kf4 Kf6 51. Ke4 Ke6 52. Kf4 Kd6 53. Ke4 Ke6 54. Kf4 Kf6 55. Kg4 Ke5 56. Kf3 Kf5 57. Kg3 Kg5 1/2-1/2

[Event "Barcelona op"]
[Site "Barcelona"]
[Date "1991.??.??"]
[Round "6"]
[White "Saric, Natasa"]
[Black "Todorovic, Olivera"]
[Result "0-1"]
[WhiteElo "2075"]
[BlackElo "2125"]
[PlyCount "68"]
[EventDate "1991.??.??"]
[EventType "swiss"]
[EventRounds "9"]
[EventCountry "ESP"]
[SourceTitle "EXT 2002"]
[Source "ChessBase"]
[SourceDate "2001.11.25"]
[SourceVersion "1"]
[SourceVersionDate "2001.11.25"]
[SourceQuality "1"]

1. e4 Nf6 2. Nc3 d5 3. exd5 Nxd5 4. Nxd5 Qxd5 5. d4 Nc6 6. Be3 Bf5 7. c3 e6 8. Nf3 Be7 9. Be2 0-0 10. 0-0 a6 11. Nd2 Rfd8 12. Bf3 Qd7 13. Re1 Rab8 14. Bf4 b5 15. Be4 Bd6 16. Bxd6 Qxd6 17. Re3 Ne7 18. Qh5 Bg6 19. Bxg6 hxg6 20. Qg4 Nd5 21. Rh3 Qf4 22. Qe2 b4 23. Rf3 Qg4 24. h3 Qh5 25. Nc4 bxc3 26. bxc3 Nxc3 27. Qd3 Nb5 28. Rf4 c5 29. Rb1 Rbc8 30. Nb6 Nxd4 31. Qxa6 Ne2+ 32. Kh1 Nxf4 33. Nxc8 Nxh3 34. Rf1 Nf4+ 0-1

[Event "YUG-chT FL"]
[Site "Arandjelovac"]
[Date "1990.??.??"]
[Round "5"]
[White "Saric, Natasa"]
[Black "Konarkowska Sokolov, Henrijeta"]
[Result "1/2-1/2"]
[WhiteElo "2100"]
[BlackElo "2095"]
[PlyCount "41"]
[EventDate "1990.??.??"]
[EventType "team"]
[EventRounds "11"]
[EventCountry "YUG"]
[SourceTitle "EXT 1997"]
[Source "ChessBase"]
[SourceDate "1996.11.15"]
[SourceVersion "1"]
[SourceVersionDate "1996.11.15"]
[SourceQuality "1"]

1. e4 c5 2. Ne2 Nc6 3. Nbc3 e6 4. d4 cxd4 5. Nxd4 Qc7 6. g3 a6 7. Bg2 d6 8. 0-0 Bd7 9. Re1 Be7 10. Be3 Nf6 11. f4 Nxd4 12. Bxd4 e5 13. Be3 0-0 14. Nd5 Nxd5 15. Qxd5 Bc6 16. Qd2 b5 17. Rad1 Qb7 18. Bf2 Rfe8 19. Qe3 Rac8 20. Qb6 Rc7 21. c3 1/2-1/2